000 00704nam a2200181Ia 4500
008 151202s9999||||xx |||||||||||||| ||und||
082 _bPNVM-71237
100 _aप्रभु विठ्ठल.
245 _aउमलत्या कळ्यांचे प्रश्‍न.
260 _b"मॅजेस्टिक प्रकाशन,गिरगाव."
260 _c71237
300 _a120
600 _aप्रभु विठ्ठल.
630 _aउमलत्या कळ्यांचे प्रश्‍न.
700 _aप्रभु विठ्ठल.
730 _aउमलत्या कळ्यांचे प्रश्‍न.
942 _cBOOK
999 _c1337740
_d1337737